000 00331nam a22000977a 4500
008 250116b ||||| |||| 00| 0 eng d
100 _aH. E. Harris
245 _aHarris Reference Catalog - US/BNA 2019
260 _bH. E. Harris
650 _aUnited States|United Nations|Canada|Confederate States|U.S. Possessions|U.S. Trust Territories
999 _c3645
_d3645